[Event "6th EICC"]
[Site "Warsaw POL"]
[Date "2005.07.01"]
[Round "13"]
[White "Heberla,B"]
[Black "Tazbir,M"]
[Result "0-1"]
[WhiteElo "2454"]
[BlackElo "2322"]
[EventDate "2005.06.18"]

1. d4 Nf6 2. Nf3 d5 3. c4 dxc4 4. Qa4+ Nbd7 5. Nc3 a6 6. e4 b5 7. Nxb5 Bb7
8. Nc3 Nxe4 9. Ne5 Nd6 10. d5 g6 11. Bf4 Bg7 12. Be2 Bxe5 13. Bxe5 O-O 14.
Bf4 e5 15. dxe6 fxe6 16. Be3 Bxg2 17. Rg1 Bf3 18. O-O-O Ne5 19. Bxf3 Rxf3
20. Kb1 Qf6 21. Bd4 Qf5+ 22. Ka1 Nd3 23. Qc6 Rc8 24. a3 Qf7 25. Ne4 Nxe4
26. Qxe4 Rf8 27. Rd2 Qf5 28. Qe2 Qd5 29. Bc3 Rxf2 30. Qe3 Rf1+ 31. Rd1
Rxd1+ 32. Rxd1 e5 33. Qg5 Rf5 34. Qh4 Qf7 35. Qd8+ Kg7 36. Ka2 c6 37. a4
Qd5 38. Qe7+ Rf7 39. Qg5 h6 40. Qg3 Rf5 41. Rd2 Rf1 42. Qh3 Qf7 43. Qe3 Kh7
44. Qe4 Qd5 45. Qe3 c5 46. Qh3 Qf7 47. Rg2 Nc1+ 48. Ka3 Nb3 0-1

[Event "6th EICC"]
[Site "Warsaw POL"]
[Date "2005.07.01"]
[Round "13"]
[White "Galazewski,T"]
[Black "Atakisi,U"]
[Result "0-1"]
[WhiteElo "2137"]
[BlackElo "2439"]
[EventDate "2005.06.18"]

1. e4 c6 2. d4 d5 3. exd5 cxd5 4. c4 Nf6 5. Nc3 g6 6. Qb3 Bg7 7. cxd5 O-O
8. Be2 Nbd7 9. Bf3 Nb6 10. Nge2 Bg4 11. Bxg4 Nxg4 12. O-O Nf6 13. a4 Qd7
14. d6 Qxd6 15. Bf4 Qd7 16. Rac1 Nbd5 17. Be5 Rac8 18. Rfd1 Rfd8 19. a5 e6
20. Na4 Qe7 21. Nec3 Ng4 22. Nxd5 exd5 23. Bxg7 Kxg7 24. h3 Rxc1 25. Rxc1
Rc8 26. Nc5 Nf6 27. Rc3 Qe1+ 28. Kh2 Re8 29. Rf3 Qc1 30. Nd3 Qc4 31. Qxb7
Qxd4 32. b4 h5 33. b5 Re2 34. b6 axb6 35. a6 Ra2 36. Nc1 Ra1 37. Nb3 Qe5+
38. g3 Rf1 39. Kg2 Qe1 40. g4 Rg1+ 41. Kh2 Qf1 0-1

[Event "6th EICC"]
[Site "Warsaw POL"]
[Date "2005.07.01"]
[Round "13"]
[White "Dziuba,M"]
[Black "Kadziolka,B"]
[Result "1/2-1/2"]
[WhiteElo "2429"]
[BlackElo "2311"]
[EventDate "2005.06.18"]

1. d4 Nf6 2. c4 c5 3. d5 b5 4. cxb5 a6 5. bxa6 g6 6. Nc3 Bxa6 7. g3 d6 8.
Bg2 Bg7 9. Nf3 Nbd7 10. Rb1 Nb6 11. b3 Ra7 12. O-O Qa8 13. Nh4 O-O 14. Re1
Rb8 15. Bb2 Nbd7 16. Ba1 Rab7 17. Nf3 Ne8 18. Qc2 c4 19. bxc4 Bxc4 20. Rxb7
Rxb7 21. Qd2 Nc5 22. Nd4 Na4 23. Nc6 Nxc3 24. Bxc3 Qxa2 25. Qxa2 Bxa2 26.
Ba5 f5 27. e4 fxe4 28. Bxe4 Bf6 29. Bg2 Rb1 30. Rxb1 1/2-1/2

[Event "6th EICC"]
[Site "Warsaw POL"]
[Date "2005.07.01"]
[Round "13"]
[White "Sergeev,Vl"]
[Black "Michalczak,T"]
[Result "0-1"]
[WhiteElo "2458"]
[BlackElo "2369"]
[EventDate "2005.06.18"]

1. Nf3 Nf6 2. c4 e6 3. g3 d5 4. b3 Be7 5. Bg2 O-O 6. O-O b6 7. Bb2 Bb7 8.
e3 c5 9. Qe2 dxc4 10. bxc4 Nc6 11. Rd1 Rc8 12. Nc3 Rc7 13. d3 Rd7 14. Rab1
Qa8 15. Ba1 Rfd8 16. e4 Ng4 17. Nb5 a6 18. Na3 Nb4 19. h3 Nxf2 20. Qxf2
Nxd3 21. Qe2 Bxe4 22. Ne5 Nf4 23. gxf4 Rxd1+ 24. Rxd1 Rxd1+ 25. Qxd1 Bxg2
26. Qh5 g6 27. Qe2 Bxh3 28. Nd7 Qc6 29. Nf6+ Kf8 30. Nxh7+ Ke8 31. Nf6+ Kf8
32. Nh7+ Ke8 33. Nf6+ Kf8 34. Nc2 b5 35. Ne3 bxc4 36. Nxc4 Qb5 37. Kh2 Qb1
38. Nd7+ Ke8 39. Nf6+ Kf8 40. Qe5 Bf5 41. Ne3 Qxa2+ 42. Kg3 Qb3 43. Bc3 Qb1
44. Nfd5 Qg1+ 45. Kf3 Qh1+ 46. Ke2 Qh2+ 47. Kd1 Qh1+ 48. Kd2 Qh2+ 49. Kc1
Qh1+ 50. Kd2 Qh2+ 51. Kd1 Qh1+ 52. Be1 exd5 53. Nxd5 Qf3+ 54. Kc1 Qa3+ 55.
Kd1 Qb3+ 56. Ke2 Qd3+ 57. Kf2 Qd4+ 58. Qxd4 cxd4 59. Nxe7 Kxe7 60. Ba5 Kd6
61. Bb6 Kd5 62. Ke2 Ke4 63. Bc7 a5 0-1

[Event "6th EICC"]
[Site "Warsaw POL"]
[Date "2005.07.01"]
[Round "13"]
[White "Matras,A"]
[Black "Erdogdu,M"]
[Result "1/2-1/2"]
[WhiteElo "2280"]
[BlackElo "2414"]
[EventDate "2005.06.18"]

1. e4 e5 2. Nf3 Nc6 3. Bb5 a6 4. Ba4 Nf6 5. Qe2 b5 6. Bb3 Be7 7. c3 O-O 8.
O-O Bb7 9. Rd1 d5 10. d3 dxe4 11. dxe4 Bd6 12. Nbd2 Ne7 13. Bc2 Ng6 14. Nf1
Re8 15. a4 h6 16. c4 bxc4 17. Qxc4 Bc8 18. Ng3 Be6 19. Qc3 Qb8 20. Nf5 Bxf5
21. exf5 Nf4 22. Bxf4 exf4 23. Bb3 Qb4 24. Qxb4 Bxb4 25. Rac1 Bd6 26. Bc4
a5 27. Bb5 Red8 28. Nd4 Be5 29. Nb3 Rxd1+ 30. Rxd1 Bxb2 31. Nc5 Ba3 32. Nd7
Bd6 33. Nxf6+ gxf6 34. g3 fxg3 35. hxg3 Kf8 36. Kg2 Rb8 37. Rc1 c5 38. Kf3
Be7 39. Rd1 Rc8 40. Bc4 Rc7 41. Ke4 Kg7 42. Bb5 c4 43. Rd7 Rxd7 44. Bxd7
Bc5 45. f3 h5 46. Bb5 c3 47. Kd3 Bf2 48. g4 h4 49. Kxc3 h3 50. Bf1 h2 51.
Bg2 Kh6 52. f4 Be3 53. Kd3 Bxf4 54. Ke4 Kg5 55. Kf3 Bd6 56. Bh1 Kh4 57. Bg2
Bc7 58. Bh1 Kg5 59. Bg2 Kh6 60. Bh1 Kg7 61. Ke4 Kf8 62. Kd5 Ke7 63. Kc6 Bf4
64. Bg2 Bc1 65. Bh1 Kf8 66. Kd5 1/2-1/2

[Event "6th EICC"]
[Site "Warsaw POL"]
[Date "2005.07.01"]
[Round "13"]
[White "Rutkowski,M"]
[Black "Lagowski,P"]
[Result "1/2-1/2"]
[WhiteElo "2346"]
[BlackElo "2393"]
[EventDate "2005.06.18"]

1. e4 c5 2. Nf3 d6 3. d4 cxd4 4. Nxd4 Nf6 5. f3 e5 6. Nb3 a6 7. c4 Be7 8.
Be3 Be6 9. Nc3 Nbd7 10. Be2 Rc8 11. Nd5 Bxd5 12. cxd5 Nh5 13. Rc1 Rxc1 14.
Qxc1 h6 15. O-O Bg5 16. g3 Bxe3+ 17. Qxe3 O-O 18. Rc1 Nb6 19. Qd2 1/2-1/2

[Event "6th EICC"]
[Site "Warsaw POL"]
[Date "2005.07.01"]
[Round "13"]
[White "Marzolo,C"]
[Black "Bente,B"]
[Result "1/2-1/2"]
[WhiteElo "2388"]
[BlackElo "2218"]
[EventDate "2005.06.18"]

1. d4 Nf6 2. c4 g6 3. Nc3 Bg7 4. e4 d6 5. f3 O-O 6. Be3 c5 7. d5 e6 8. Qd2
exd5 9. cxd5 a6 10. a4 h5 11. Nge2 Nbd7 12. Nd1 Nh7 13. Nec3 f5 14. exf5
gxf5 15. Be2 Ne5 16. O-O Qh4 17. g3 Qf6 18. a5 Bd7 19. Kg2 Rae8 20. Ra3 h4
21. Rb3 Bc8 22. Nf2 Re7 23. Nh3 Rfe8 24. Nd1 Ng6 25. Rf2 Qf7 26. Bf1 Be5
27. Nf4 Nxf4+ 28. Bxf4 Qh5 29. Bxe5 Rxe5 30. gxh4 Qxh4 31. f4 R5e7 32. Rg3+
Rg7 33. Re2 Rxg3+ 34. hxg3 Qh5 35. Rxe8+ Qxe8 36. Qe2 Nf6 37. Qxe8+ Nxe8
38. Ne3 Kg7 39. Kh3 Bd7 40. Kh4 Kf6 41. Bh3 Nc7 42. Nc4 Nxd5 43. Nxd6 b5
44. axb6 Nxb6 45. Bf1 Bb5 46. Nxb5 axb5 47. Bxb5 Nd5 48. Bc4 Ne3 49. b3 Nd1
50. Kh3 Nf2+ 51. Kg2 Ne4 52. Bd3 Nd6 53. Kf3 Kg7 54. Ke3 Kh6 55. Be2 Kg6
56. Bf3 Kf6 57. Bd5 Ke7 58. Kd3 Kf6 59. Kc3 Ke7 60. Kb2 Nb5 61. Bf3 Ke6 62.
Be2 Nd6 63. Bf3 Nb5 64. Be2 Nd6 65. g4 1/2-1/2

[Event "6th EICC"]
[Site "Warsaw POL"]
[Date "2005.07.01"]
[Round "13"]
[White "Babujian,L"]
[Black "Skurski,J"]
[Result "0-1"]
[WhiteElo "2386"]
[BlackElo "2299"]
[EventDate "2005.06.18"]

1. e4 e5 2. Nc3 Nf6 3. Bc4 Be7 4. d3 O-O 5. f4 d6 6. Nf3 exf4 7. Bxf4 Be6
8. Bxe6 fxe6 9. Qd2 e5 10. Bg5 h6 11. Bxf6 Bxf6 12. O-O-O Kh7 13. h4 Qd7
14. Nd5 Nc6 15. Rhg1 Ne7 16. Ne3 g6 17. h5 g5 18. g4 c6 19. Nf5 d5 20. Nh2
Rad8 21. Rh1 Qe6 22. Qa5 Nc8 23. Qa4 b5 24. Qb3 Rfe8 25. Rhf1 Nb6 26. Rde1
Bg7 27. Rf3 Rd7 28. Nf1 Bf8 29. N1e3 Bc5 30. exd5 Bxe3+ 31. Nxe3 Nxd5 32.
Nxd5 cxd5 33. Rf5 a6 34. a4 bxa4 35. Qxa4 e4 36. d4 Ree7 37. Qb4 Rf7 38.
Ref1 e3 39. Qc3 e2 40. Re1 Rxf5 41. gxf5 Qxf5 42. Rxe2 g4 43. b4 Qxh5 44.
Qc8 Qf7 45. Qxa6 Qf4+ 46. Rd2 g3 47. Qd3+ Kg8 48. Kb2 Rg7 49. Rg2 h5 50.
Rg1 g2 51. Qc3 Qf2 52. b5 Qxg1 53. Qc8+ Kh7 54. Qf5+ Kh6 55. Qf6+ Rg6 56.
Qf4+ Kg7 57. Qc7+ Kg8 58. Qd8+ Kh7 59. Qxd5 Qh2 60. Qf7+ Kh6 61. Qf8+ Kg5
62. Qe7+ Kg4 63. Qe4+ Kg5 64. Qe7+ Rf6 65. Qg7+ Kf5 66. Qd7+ Kg6 67. Qe8+
Kg5 68. Qg8+ Kh4 69. Qg7 Rf5 70. Qe7+ Rg5 71. Qe4+ Rg4 72. Qe7+ Kh3 73. Qf7
h4 74. Qf3+ Qg3 0-1

[Event "6th EICC"]
[Site "Warsaw POL"]
[Date "2005.07.01"]
[Round "13"]
[White "Godlauskas,K"]
[Black "Zawadzka,J"]
[Result "1/2-1/2"]
[WhiteElo "2193"]
[BlackElo "2383"]
[EventDate "2005.06.18"]

1. e4 c5 2. Nf3 d6 3. d4 cxd4 4. Nxd4 Nf6 5. Nc3 Nc6 6. Be2 e5 7. Nf3 h6 8.
O-O Be7 9. h3 O-O 10. Re1 Be6 11. Bf1 Nb8 12. b3 a6 13. a4 Nbd7 14. Bb2 Rc8
15. Nd2 d5 16. exd5 Nxd5 17. Nxd5 Bxd5 18. Nc4 Be6 19. Bd3 f6 20. Qh5 Nc5
21. Bf5 Qe8 22. Qxe8 Rfxe8 23. Bxe6+ Nxe6 24. a5 Red8 25. Red1 Bc5 26. Kf1
Kf7 27. h4 h5 28. g3 Ke7 29. Ke2 Rxd1 30. Rxd1 Rd8 31. Rb1 Kd7 32. c3 Kc6
33. Bc1 Kb5 34. Nd2 Be7 35. b4 Kc6 36. Nc4 Nc7 37. Ne3 Nb5 38. Bd2 g6 39.
Nc2 f5 40. c4 Nd6 41. Na3 Kd7 42. Be1 Rc8 43. Rc1 Ke6 44. c5 Ne4 45. Nc4
Nf6 46. Nb6 Rc6 47. Rd1 Ne8 48. Bc3 e4 49. f3 Bf6 50. Bxf6 Nxf6 51. Rd8 Ke7
52. Rh8 Ke6 53. Rd8 exf3+ 54. Kxf3 Ne4 55. Kf4 Rc7 56. Rg8 Kf7 57. Rc8 Re7
58. c6 bxc6 59. Rxc6 Nf2 60. Nd5 Rd7 61. Kf3 Nd3 62. Rf6+ Kg7 63. Rxa6 Rxd5
64. Rb6 Nxb4 65. Rxb4 Rxa5 66. Rb3 Ra6 67. Kf4 Kf6 68. Rb4 Ra3 69. Rb6+ Kg7
70. Rb7+ Kh6 71. Rb8 Ra1 72. Kf3 Ra6 73. Rb4 g5 74. hxg5+ Kxg5 75. Rb3 Ra4
76. Rc3 h4 77. gxh4+ Rxh4 78. Kg3 f4+ 79. Kg2 Rh8 80. Rc7 Re8 81. Rg7+ Kf5
82. Kf3 Re3+ 83. Kf2 Ra3 84. Rg8 Ke4 85. Re8+ Kf5 1/2-1/2

[Event "6th EICC"]
[Site "Warsaw POL"]
[Date "2005.07.01"]
[Round "13"]
[White "Erturan,Y"]
[Black "Neubauer,M"]
[Result "1/2-1/2"]
[WhiteElo "2277"]
[BlackElo "2457"]
[EventDate "2005.06.18"]

1. e4 e5 2. Nf3 Nc6 3. Bb5 Nf6 4. d3 d6 5. c3 g6 6. Nbd2 Bg7 7. O-O O-O 8.
Re1 Bd7 9. Nf1 Nh5 10. Bg5 Qe8 11. d4 Nxd4 12. Bxd7 Nxf3+ 13. Qxf3 Qxd7 14.
g4 h6 15. gxh5 hxg5 16. Ne3 Qe6 17. hxg6 fxg6 18. Qg3 Bh6 19. f3 Rf7 20.
Ng4 Bf8 21. Kg2 Rh7 22. Qf2 Be7 23. Qe2 Kg7 24. h3 Rhh8 25. a4 a5 26. c4
Ra6 27. b3 Rb6 28. Qe3 Rb4 29. Rad1 c6 30. Rd3 b5 31. cxb5 cxb5 32. Ra1 Rb8
33. axb5 R4xb5 34. Ra3 d5 35. exd5 Rxd5 36. Rxd5 Qxd5 37. Qa7 Rb7 38. Qxa5
Qd4 39. Ra2 Bc5 40. Qe1 Rxb3 41. Qxe5+ Qxe5 42. Nxe5 Bd4 43. Ng4 Rb2+
1/2-1/2

[Event "6th EICC"]
[Site "Warsaw POL"]
[Date "2005.07.01"]
[Round "13"]
[White "Kopczynski,M"]
[Black "Dworakowska,J"]
[Result "0-1"]
[WhiteElo "2150"]
[BlackElo "2383"]
[EventDate "2005.06.18"]

1. e4 c5 2. Nf3 d6 3. d4 cxd4 4. Qxd4 Nc6 5. Bb5 Qa5+ 6. Nc3 Qxb5 7. Nxb5
Nxd4 8. Nfxd4 Kd7 9. Be3 Nf6 10. f3 b6 11. O-O-O Bb7 12. c4 a6 13. Nc3 Rc8
14. Nb3 Kc7 15. Kb1 e6 16. Bf4 Nd7 17. Rd2 e5 18. Be3 Kb8 19. Na4 Rc6 20.
Rd3 Be7 21. Rhd1 g6 22. Nd2 f5 23. Rb3 Bd8 24. Nc3 Nc5 25. Bxc5 Rxc5 26.
Nd5 Ka7 27. Rc3 Rf8 28. Kc2 Bg5 29. Kd3 Re8 30. Rb3 Bd8 31. Ke2 Bxd5 32.
cxd5 b5 33. Rc3 Rxc3 34. bxc3 Ba5 35. Kd3 Rc8 36. Rc1 Bb6 37. Rb1 f4 38. a4
Ba5 39. axb5 Rxc3+ 40. Ke2 Rc2 41. Rd1 axb5 42. Kd3 Ra2 43. Nb3 Ra3 44. Kc2
Kb6 45. Rc1 Ra4 46. Kd3 Bb4 47. Rc6+ Kb7 48. Nc1 Ba3 49. Ne2 Bc5 50. Nc1
Rd4+ 51. Ke2 Rc4 52. Nd3 b4 53. Nxc5+ dxc5 54. Kd3 Rc3+ 55. Kd2 c4 56. g3
g5 57. gxf4 gxf4 58. h4 h5 59. Re6 Rd3+ 60. Ke2 b3 61. Re7+ Kc8 62. Re8+
Kc7 63. Re7+ Kb6 64. Re8 Kc5 65. Rb8 Kd4 66. d6 Kc3 0-1

[Event "6th EICC"]
[Site "Warsaw POL"]
[Date "2005.07.01"]
[Round "13"]
[White "Murtez,H"]
[Black "Praszak,M"]
[Result "1-0"]
[WhiteElo "2354"]
[BlackElo "2261"]
[EventDate "2005.06.18"]

1. e4 c5 2. Nf3 d6 3. d4 cxd4 4. Nxd4 Nf6 5. Nc3 g6 6. Be2 Bg7 7. Be3 Nc6
8. Qd2 O-O 9. O-O-O Bd7 10. Kb1 Rc8 11. f3 Ne5 12. Bh6 Bxh6 13. Qxh6 Rxc3
14. bxc3 Qa5 15. g4 Qxc3 16. Qd2 Qc7 17. h4 Bxg4 18. Nb5 Qc6 19. fxg4 Nxe4
20. Qb4 Rc8 21. Ka1 a6 22. Nd4 Qc7 23. Rhf1 Nc3 24. Rde1 e6 25. h5 b5 26.
Bd3 a5 27. Qb3 a4 28. Qb2 Qc5 29. Ne2 Nxe2 30. Rxe2 Nxd3 31. cxd3 a3 32.
Qd2 Qd4+ 33. Kb1 Rc3 34. Re4 Qxd3+ 35. Qxd3 Rxd3 36. Kc2 Rg3 37. h6 Rh3 38.
g5 Rg3 39. Ref4 Rxg5 40. Rxf7 Rf5 41. R1xf5 gxf5 42. Rg7+ Kh8 43. Rb7 Kg8
44. Rxb5 1-0

[Event "6th EICC"]
[Site "Warsaw POL"]
[Date "2005.07.01"]
[Round "13"]
[White "Kuraszkiewicz,M"]
[Black "Bleis,C"]
[Result "1/2-1/2"]
[WhiteElo "2300"]
[BlackElo "2258"]
[EventDate "2005.06.18"]

1. d4 f5 2. g3 Nf6 3. Bg2 e6 4. c4 Be7 5. Nc3 O-O 6. Nf3 d6 7. O-O Ne4 8.
Qc2 Nxc3 9. Qxc3 a5 10. b3 Nc6 11. Bb2 Bf6 12. Qd2 e5 13. d5 Nb8 14. a3 Nd7
15. b4 b6 16. Qc2 Be7 17. Rfd1 Qe8 18. Nd2 Qh5 19. Nb3 1/2-1/2

[Event "6th EICC"]
[Site "Warsaw POL"]
[Date "2005.07.01"]
[Round "13"]
[White "Stoma,P"]
[Black "Bugajski,R"]
[Result "0-1"]
[WhiteElo "2295"]
[BlackElo "2218"]
[EventDate "2005.06.18"]

1. e4 e6 2. d4 d5 3. exd5 exd5 4. Nf3 Nc6 5. c3 Bd6 6. Bd3 Nge7 7. O-O Bg4
8. Nbd2 Qd7 9. Re1 O-O 10. Qc2 Ng6 11. h3 Bxh3 12. gxh3 Qxh3 13. Bf5 Qh5
14. Re3 Rae8 15. Bd7 Rxe3 16. fxe3 Nce7 17. Qd1 Rd8 18. Bb5 Qg4+ 19. Kf2
Bg3+ 20. Ke2 Nf5 21. Qh1 c6 22. Ba4 Nxe3 23. Nf1 Nf5 24. Bd1 Qe4+ 25. Be3
Nf4+ 26. Kd2 Qd3+ 27. Kc1 Ne2+ 28. Bxe2 Qxe2 29. Bd2 Re8 30. Nxg3 Nxg3 31.
Qe1 Qxe1+ 32. Bxe1 Ne2+ 33. Kc2 f6 34. Bf2 Re4 35. Nd2 Rf4 36. Rf1 Rg4 37.
Kd3 Nf4+ 38. Ke3 Ne6 39. Rg1 Rxg1 40. Bxg1 g5 41. Bh2 Kf7 42. Bb8 a6 43.
Nb3 Ke7 44. Na5 Kd7 45. Bh2 b6 46. Nb3 h5 47. a4 f5 48. Be5 f4+ 49. Kf2 a5
50. Nc1 c5 51. b3 Kc6 52. Ne2 b5 53. axb5+ Kxb5 54. dxc5 Nxc5 55. Nd4+ Kb6
56. Kf3 Ne4 57. Ne6 Kc6 58. Nd4+ Kd7 59. c4 Nd2+ 60. Ke2 Ne4 61. cxd5 Nc3+
62. Kd3 Nxd5 63. Ke4 Nb6 64. Bf6 a4 65. b4 g4 66. Nc2 f3 67. Bh4 Nc4 68.
Be1 Nd6+ 69. Kf4 Kc6 70. Ke5 Nb5 71. Kf5 Kd5 72. Kg5 Ke4 73. Kh4 Kd3 74.
Na1 Ke2 75. Nc2 Kd1 0-1

[Event "6th EICC"]
[Site "Warsaw POL"]
[Date "2005.07.01"]
[Round "13"]
[White "Guadalpi,D"]
[Black "Krzymowski,A"]
[Result "1/2-1/2"]
[WhiteElo "2317"]
[BlackElo "2034"]
[EventDate "2005.06.18"]

1. e4 c5 2. Nf3 Nc6 3. Bb5 g6 4. O-O Bg7 5. c3 Nf6 6. Re1 O-O 7. h3 e6 8.
e5 Nd5 9. d4 cxd4 10. cxd4 d6 11. Nc3 dxe5 12. Bxc6 bxc6 13. Nxe5 Nxc3 14.
bxc3 Qc7 15. Bf4 Qa5 16. Qf3 Qd5 17. Qg3 Ba6 18. Rab1 Rac8 19. Red1 Rfd8
20. h4 c5 21. h5 cxd4 22. cxd4 Qe4 23. h6 Bf8 24. Ng4 Be7 25. Be5 Qf5 26.
Ne3 Qg5 27. Qh2 Qh4 28. Rb2 Qxh2+ 29. Kxh2 Ba3 30. Rb3 Be7 31. Rb2 Ba3 32.
Rb3 Be7 33. Rb2 Ba3 34. Rb3 1/2-1/2

[Event "6th EICC"]
[Site "Warsaw POL"]
[Date "2005.07.01"]
[Round "13"]
[White "Azimi,R"]
[Black "Szewczak,And"]
[Result "0-1"]
[WhiteElo "2144"]
[BlackElo "1995"]
[EventDate "2005.06.18"]

1. d4 Nf6 2. Nf3 d5 3. Bf4 c6 4. e3 Qb6 5. c4 Qxb2 6. Nbd2 Bf5 7. Rc1 e6 8.
Nh4 Ba3 9. Nxf5 Qxc1 10. Nd6+ Ke7 11. Qxc1 Bxc1 12. Nxb7 Ba3 13. c5 Bb4 14.
f3 Ne8 15. Bd3 Nd7 16. Nd6 Nxc5 17. dxc5 Bxc5 18. Nxe8 Raxe8 19. Ke2 Bd6
20. Bxd6+ Kxd6 21. Rc1 c5 22. Rd1 c4 23. Bc2 Kc5 24. Nb1 Rb8 25. Nc3 Rhd8
26. Rd4 e5 27. Rh4 h6 28. Rh5 f6 29. a3 Rb3 30. Bxb3 cxb3 31. Kd3 d4 32.
Na4+ Kb5 33. Nb2 dxe3+ 34. Kxe3 Rc8 35. Rh4 Rc3+ 36. Nd3 a5 37. a4+ Kc6 38.
Kd2 Rc2+ 39. Kd1 Kd5 40. Nc1 Rb2 41. Re4 Rb1 42. Kd2 b2 43. Ne2 Rd1+ 44.
Kxd1 b1=Q+ 45. Kd2 Qh1 46. Nc3+ Kc5 47. Kd3 Qxg2 48. Rc4+ Kd6 49. Ne4+ Kd7
50. Nc5+ Ke7 51. Nb3 Qxf3+ 52. Kc2 Qe2+ 53. Kc3 e4 54. Rd4 e3 55. Rd5 Qe1+
56. Kd3 Qd1+ 0-1

[Event "6th EICC"]
[Site "Warsaw POL"]
[Date "2005.07.01"]
[Round "13"]
[White "Wojcicki,L"]
[Black "Krasiewicz,R"]
[Result "0-1"]
[WhiteElo "1833"]
[BlackElo "2056"]
[EventDate "2005.06.18"]

1. d4 d5 2. Bf4 Nf6 3. Nf3 e6 4. e3 c5 5. c3 Nc6 6. Bd3 Be7 7. O-O Nh5 8.
Bg3 Nxg3 9. hxg3 h5 10. Ne5 Nxe5 11. dxe5 Qc7 12. Bb5+ Kf8 13. f4 c4 14.
Ba4 b5 15. Bc2 Bc5 16. Qe2 Bb7 17. Nd2 h4 18. g4 h3 19. Nf3 a5 20. Nd4 b4
21. f5 hxg2 22. Qxg2 Qxe5 23. fxe6 Qxe3+ 24. Qf2 Bxd4 25. cxd4 Qxe6 26. Bf5
Qh6 27. Qg2 Qe3+ 28. Qf2 Re8 29. Rae1 Qxf2+ 30. Kxf2 Rh2+ 31. Kg3 Rxe1 32.
Rxe1 Rxb2 33. Bd7 g6 0-1

[Event "6th EICC Playoff"]
[Site "Warsaw POL"]
[Date "2005.07.02"]
[Round "2.1"]
[White "Eljanov,P"]
[Black "Karjakin,Sergey"]
[Result "1/2-1/2"]
[WhiteElo "2641"]
[BlackElo "2635"]
[EventDate "2005.07.02"]

1. d4 d5 2. c4 dxc4 3. Nf3 Nf6 4. Nc3 a6 5. e4 b5 6. e5 Nd5 7. a4 e6 8.
axb5 Nb6 9. Be3 axb5 10. Rxa8 Nxa8 11. Nxb5 Nb6 12. Nc3 Nc6 13. Ng5 Nb4 14.
Qh5 g6 15. Qf3 Qe7 16. Nge4 Nc2+ 17. Kd2 Nxe3 18. Nf6+ Kd8 19. Qxe3 Qb4 20.
Kc1 Bb7 21. Be2 Bxg2 22. Rd1 Bd5 23. Nfxd5 Nxd5 24. Nxd5 exd5 25. Qf3 Bh6+
26. Kb1 c3 27. Qxc3 Qxc3 28. bxc3 Ke7 29. Kc2 1/2-1/2

[Event "6th EICC Playoff"]
[Site "Warsaw POL"]
[Date "2005.07.02"]
[Round "2.2"]
[White "Karjakin,Sergey"]
[Black "Eljanov,P"]
[Result "1-0"]
[WhiteElo "2635"]
[BlackElo "2641"]
[EventDate "2005.07.02"]

1. e4 c5 2. Nf3 Nc6 3. d4 cxd4 4. Nxd4 Nf6 5. Nc3 e5 6. Ndb5 d6 7. Bg5 a6
8. Na3 b5 9. Nd5 Be7 10. Bxf6 Bxf6 11. c3 O-O 12. Nc2 Rb8 13. h4 Be7 14.
Nce3 Be6 15. Qf3 Qd7 16. Rd1 Bd8 17. Bd3 Ne7 18. Bc2 b4 19. Nxb4 a5 20. Nd3
Qc6 21. Bb1 f5 22. exf5 e4 23. Qg4 Nxf5 24. Nf4 Bc8 25. Nxf5 Bxf5 26. Qe2
Rb5 27. c4 Re5 28. Nd5 Qc5 29. Ne3 Bg6 30. Qd2 a4 31. O-O Bxh4 32. Qxd6 Be7
33. Qxc5 Bxc5 34. Bc2 Be8 35. Rd5 Rxd5 36. cxd5 a3 37. bxa3 Bd7 38. Bxe4
Ra8 39. Rc1 Bd6 40. Nc4 Rc8 41. Rc2 Bf8 42. d6 Be6 43. Bd3 Rc5 44. a4 Rd5
45. Rd2 g6 46. a5 Bxd6 47. Nxd6 Rxd6 48. a6 Rd7 49. Bc4 Rxd2 50. Bxe6+ Kg7
51. a7 1-0

[Event "6th EICC Playoff"]
[Site "Warsaw POL"]
[Date "2005.07.02"]
[Round "3.3"]
[White "Karjakin,Sergey"]
[Black "Aronian,L"]
[Result "0-1"]
[WhiteElo "2635"]
[BlackElo "2693"]
[EventDate "2005.07.02"]

1. e4 e5 2. Nf3 Nc6 3. Bb5 a6 4. Ba4 Nf6 5. O-O Be7 6. Re1 d6 7. c3 Bg4 8.
d3 O-O 9. Be3 Re8 10. Nbd2 Bf8 11. h3 Bd7 12. Nf1 g6 13. Ng3 Bg7 14. Qd2
Qe7 15. Rad1 Nd4 16. cxd4 Bxa4 17. dxe5 dxe5 18. b3 Bc6 19. Qc3 Rad8 20.
Nd2 Bb5 21. Nc4 Bxc4 22. dxc4 Nd7 23. b4 Nf8 24. c5 Ne6 25. a4 c6 26. Qc4
Rxd1 27. Rxd1 Rd8 28. Rd3 Bf8 29. a5 Rd7 30. Nf1 Qd8 31. Rxd7 Qxd7 32. Nd2
Be7 33. Qc3 Bg5 34. Kh2 Bxe3 35. Qxe3 Qd4 36. Qxd4 Nxd4 37. Nc4 f6 38. Nd6
Nc2 39. Nxb7 Nxb4 40. Kg3 Kf7 41. Kf3 Ke7 42. Ke3 Nc2+ 43. Kd3 Nd4 44. Nd6
h5 45. Kc4 h4 46. Nc8+ Kd7 47. Nb6+ Kc7 48. Na4 Ne6 49. g3 g5 50. Nc3 g4
51. gxh4 gxh3 52. Ne2 h2 53. Ng3 Nf4 54. Nh1 Kd7 55. Kc3 Ke7 56. Kd2 Kf7
57. Ke3 Ne6 58. Kf3 Nxc5 59. Kg3 Nxe4+ 60. Kg2 c5 61. f3 Nd2 62. Kxh2 c4
63. Kg3 Nb3 0-1

[Event "6th EICC Qualification"]
[Site "Warsaw POL"]
[Date "2005.07.02"]
[Round "1"]
[White "Cheparinov,I"]
[Black "Erenburg,S"]
[Result "0-1"]
[WhiteElo "2621"]
[BlackElo "2575"]
[EventDate "2005.07.02"]

1. e4 c6 2. d4 d5 3. e5 Bf5 4. Nc3 e6 5. g4 Bg6 6. Nge2 f6 7. h4 fxe5 8. h5
Bf7 9. dxe5 Nd7 10. f4 Qb6 11. Nd4 c5 12. Nf3 Ne7 13. Bh3 Nc6 14. O-O Be7
15. Kh1 O-O-O 16. a3 g6 17. h6 g5 18. Nxg5 Bxg5 19. fxg5 Ndxe5 20. Qe1 Rhe8
21. b4 cxb4 22. axb4 Qxb4 23. Rb1 Qc4 24. Bf4 Ng6 25. Bg3 Bg8 26. Nb5 e5
27. Rf6 Re6 28. Qf2 d4 29. Bg2 Rxf6 30. Qxf6 Bd5 31. Qf5+ Kb8 32. Qd3 Bxg2+
33. Kxg2 Qxd3 34. cxd3 a6 35. Na3 b5 36. Nc4 Kc8 37. Nd2 Nce7 38. Ra1 Kb7
39. Rf1 Rf8 40. Rxf8 Nxf8 41. Bxe5 Ne6 42. Kf2 Kc6 43. Bf6 Ng6 44. Nb3 Kd5
45. Ke2 Ngf8 46. Kd2 Ng6 47. Kc2 b4 48. Nd2 Nc5 49. Nf3 b3+ 50. Kb1 a5 51.
Nxd4 a4 52. Nb5 Kc6 53. Nc3 a3 54. d4 Nd3 55. d5+ Kc5 56. d6 Kxd6 57. Nb5+
Kc5 58. Nxa3 Kb4 59. Nc2+ bxc2+ 60. Kxc2 Nf2 61. Bd4 Ne4 62. Kd3 Nxg5 63.
Be3 Nf7 64. Kd4 Nge5 65. Ke4 Nxg4 66. Bd2+ Kc4 67. Kf5 Kd3 68. Bf4 Nfxh6+
69. Kg5 Ke4 70. Bc1 Kf3 71. Ba3 Nf7+ 72. Kf5 Ne3+ 73. Ke6 h5 74. Be7 Nh6
75. Bg5 Nhg4 76. Kf7 Ne5+ 77. Ke6 Ke4 78. Bh4 N3g4 79. Bd8 Nc6 80. Bg5 Nd4+
81. Kd6 Nf3 82. Be7 Kf5 83. Kd5 Nf6+ 84. Kc4 Ne5+ 85. Kb3 h4 0-1

[Event "6th EICC Qualification"]
[Site "Warsaw POL"]
[Date "2005.07.02"]
[Round "1"]
[White "Socko,B"]
[Black "Areshchenko,A"]
[Result "1/2-1/2"]
[WhiteElo "2583"]
[BlackElo "2595"]
[EventDate "2005.07.02"]

1. g3 Nf6 2. Bg2 g6 3. e4 d6 4. d4 Bg7 5. Nc3 O-O 6. Nge2 c5 7. dxc5 dxc5
8. Qxd8 Rxd8 9. e5 Ng4 10. f4 Nc6 11. a3 Nd4 12. Nxd4 cxd4 13. Ne4 f6 14.
h3 Ne3 15. Bxe3 dxe3 16. exf6 exf6 17. Rd1 Rxd1+ 18. Kxd1 f5 19. Nc3 Be6
20. Re1 Bd4 21. Kc1 Kg7 22. Nd1 Re8 23. c3 Bb6 24. Nxe3 Bf7 25. Kd2 Rd8+
26. Kc2 Re8 27. Kd3 Rd8+ 28. Kc2 Re8 29. Kd2 Rd8+ 30. Kc2 1/2-1/2

[Event "6th EICC Qualification"]
[Site "Warsaw POL"]
[Date "2005.07.02"]
[Round "1"]
[White "Macieja,B"]
[Black "Dizdar,G"]
[Result "1/2-1/2"]
[WhiteElo "2613"]
[BlackElo "2524"]
[EventDate "2005.07.02"]

1. e4 e6 2. d4 d5 3. Nc3 Bb4 4. e5 b6 5. a3 Bxc3+ 6. bxc3 Qd7 7. Qg4 f5 8.
Qg3 Ba6 9. Bxa6 Nxa6 10. Ne2 Kf7 11. a4 Nb8 12. Nf4 Ne7 13. Qf3 Nbc6 14.
Qh5+ Ng6 15. h4 Qe8 16. Rh3 Kg8 17. Ne2 h6 18. Qf3 Kh7 19. h5 Nge7 20. g4
fxg4 21. Qxg4 Nf5 22. Nf4 Rf8 23. Qg6+ Kg8 24. Qxe6+ Qxe6 25. Nxe6 Rf7 26.
Ke2 Re8 27. Nf4 Ncxd4+ 28. cxd4 Nxd4+ 29. Kd3 Nc6 30. e6 Rf5 31. c3 Ref8
32. Rh4 Ne5+ 33. Kc2 Nf3 34. Rg4 Ne5 35. Rh4 Nf3 36. Rg4 Ne5 37. Rg3 Nc4
38. Nd3 Rxh5 39. Bf4 c5 40. Rag1 g5 41. Bc1 Re8 42. Re1 Rh2 43. Rf3 Nd6 44.
Rfe3 Ne4 45. R3e2 Rh3 46. c4 dxc4 47. Rxe4 cxd3+ 48. Kc3 Rf3 49. Be3 Rf6
50. f4 Rfxe6 51. Rxe6 Rxe6 52. fxg5 hxg5 53. Kxd3 g4 54. Rg1 Rg6 55. Ke4
Kf7 56. Bf4 a6 57. Bg3 b5 58. a5 c4 59. Kd5 c3 60. Kc5 Rf6 61. Kb4 Rf3 62.
Kb3 Ke6 63. Be1 Kf5 64. Bxc3 g3 65. Kc2 Kg4 66. Bd4 Ra3 67. Bb6 Kf4 68.
Rf1+ Rf3 69. Re1 g2 70. Re8 Rg3 71. Bg1 Ra3 72. Bb6 Rg3 73. Rf8+ Ke4 74.
Bg1 Ra3 75. Rg8 Rxa5 76. Kb3 Kf3 77. Rf8+ Kg3 78. Rg8+ Kf3 79. Rf8+ Kg3 80.
Rg8+ Kf3 81. Rf8+ Kg4 82. Rg8+ Kf3 83. Rf8+ Kg4 84. Rg8+ Kf3 85. Rf8+
1/2-1/2